000 00387nam a2200181Ia 4500
001 7301
005 20260306160445.0
008 260306t2013||||xx |||||||||||||| ||spa||
041 _aESP
082 _a338.5
_bK84 2013
100 _aKrugman, Paul
_eAUT
245 0 _aMicroeconomía
260 _c2013
300 _a
_c
650 _aGEN
654 _aCAN
942 _cLIB
_dJUS
_fJUS
_2ddc
_n
999 _c7301
_d7301